| 000 | 00695nam a2200217Ia 4500 | ||
|---|---|---|---|
| 008 | 131103s9999 xx 000 0 und d | ||
| 020 |
_a195693337 _cRs 295 |
||
| 040 | _aLoreto College | ||
| 041 | _aEnglish | ||
| 082 |
_a320.954/NAN _bLCLIB/47077 |
||
| 100 | _aNandy, Ashis | ||
| 245 | 4 |
_aThe romance of the state _b And the fate of dissentin the Tropics _cAshis Nandy |
|
| 260 |
_aNew Delhi _bOxford University Press _c2003 |
||
| 300 |
_axiii,218p _c 22 cm |
||
| 440 | _aOxford India Paperbacks | ||
| 504 | _aIncludes bibliographical references and index | ||
| 650 | _aIndia-Politics and Culture | ||
| 651 | _aIndia-Politics and History | ||
| 850 | _aLCLIB/320.954/NAN | ||
| 942 | _cBK | ||
| 999 |
_c30965 _d81444 |
||